[Event "Beijing Sportaccord rap"]
[Site "Beijing"]
[Date "2014.12.12"]
[Round "6"]
[White "Gelfand, Boris"]
[Black "Ponomariov, Ruslan"]
[Result "1/2-1/2"]
[WhiteElo "2743"]
[BlackElo "2714"]
[PlyCount "114"]
[EventDate "2014.12.11"]
[EventType "swiss (rapid)"]
[EventRounds "7"]
[EventCountry "CHN"]
[SourceTitle "CBM 164"]
[Source "ChessBase"]
[SourceDate "2015.01.15"]
[SourceVersion "1"]
[SourceVersionDate "2015.01.15"]
[SourceQuality "1"]

1. d4 d5 2. c4 e6 3. Nf3 dxc4 4. Qa4+ c6 5. Qxc4 Nf6 6. Qc2 c5 7. dxc5 Nc6 8.
a3 Bd7 9. b4 a5 10. b5 Na7 11. a4 Nd5 12. e4 Nb4 13. Qb3 Bxc5 14. Be2 O-O 15.
O-O Nc8 16. Bb2 f6 17. Nbd2 Nb6 18. Nc4 Qe7 19. Rfd1 Be8 20. Bd4 Nd7 21. Qb2
Bg6 22. Nxa5 Rxa5 23. Bxc5 Nxc5 24. Qxb4 b6 25. Rdc1 Qa7 26. Nd4 Rxa4 27. Rxa4
Qxa4 28. Qxa4 Nxa4 29. Nxe6 Re8 30. Bc4 Bf7 31. Bb3 Bxe6 32. Bxa4 Ra8 33. Bd1
Ra2 34. f4 Rb2 35. Rc6 Bd7 36. Rd6 Bxb5 37. Bh5 g6 38. Bg4 Be2 39. Be6+ Kf8 40.
Bd5 f5 41. exf5 gxf5 42. Rf6+ Ke7 43. Rxf5 b5 44. Rf7+ Kd6 45. Be4 h5 46. Rf6+
Kc5 47. f5 Kd4 48. Re6 Bc4 49. Re8 h4 50. g4 Re2 51. Bc6 Rxe8 52. Bxe8 b4 53.
Ba4 b3 54. Bxb3 Bxb3 55. Kg2 Ke5 56. Kh3 Bc2 57. Kxh4 Bxf5 1/2-1/2

[Event "Beijing Sportaccord rap"]
[Site "Beijing"]
[Date "2014.12.12"]
[Round "7"]
[White "Bacrot, Etienne"]
[Black "Ponomariov, Ruslan"]
[Result "1-0"]
[WhiteElo "2718"]
[BlackElo "2714"]
[PlyCount "91"]
[EventDate "2014.12.11"]
[EventType "swiss (rapid)"]
[EventRounds "7"]
[EventCountry "CHN"]
[SourceTitle "CBM 164"]
[Source "ChessBase"]
[SourceDate "2015.01.15"]
[SourceVersion "1"]
[SourceVersionDate "2015.01.15"]
[SourceQuality "1"]

1. d4 d5 2. c4 e6 3. Nc3 Nf6 4. Nf3 c6 5. Bg5 Nbd7 6. e3 Qa5 7. cxd5 Nxd5 8.
Qd2 Bb4 9. Rc1 b6 10. Bd3 Ba6 11. O-O Bxd3 12. Qxd3 Bxc3 13. bxc3 h6 14. Bh4 c5
15. e4 Nf4 16. Qd2 Ng6 17. Bg3 O-O 18. d5 exd5 19. exd5 Rfe8 20. Rfe1 Qa4 21.
d6 Qc4 22. h4 Re6 23. Rxe6 fxe6 24. Re1 Re8 25. Qc2 Ngf8 26. Re4 Qd5 27. c4 Qf5
28. Be5 Ng6 29. Qe2 Rd8 30. g4 Qf7 31. Bg3 Ngf8 32. g5 h5 33. Kg2 Re8 34. Ne1
Ng6 35. Nd3 Qf5 36. Re3 e5 37. Qxh5 Re6 38. Qf3 Qxf3+ 39. Kxf3 Rxd6 40. h5 Ne7
41. Nxe5 Nf5 42. Nxd7 Rxd7 43. Re5 Nxg3 44. Kxg3 Kf7 45. Rd5 Re7 46. f4 1-0

[Event "Beijing Sportaccord blitz"]
[Site "Beijing"]
[Date "2014.12.14"]
[Round "12"]
[White "Wang, Hao"]
[Black "Ponomariov, Ruslan"]
[Result "0-1"]
[WhiteElo "2710"]
[BlackElo "2714"]
[PlyCount "92"]
[EventDate "2014.12.13"]
[EventType "tourn (blitz)"]
[EventRounds "30"]
[EventCountry "CHN"]
[EventCategory "20"]
[SourceTitle "CBM 163 Extra"]
[Source "ChessBase"]
[SourceDate "2014.12.23"]
[SourceVersion "1"]
[SourceVersionDate "2014.12.23"]
[SourceQuality "1"]

1. Nf3 d6 2. d4 g6 3. e4 Bg7 4. Nc3 Nf6 5. Be2 O-O 6. O-O e6 7. Re1 Nc6 8. h3
a6 9. Bg5 h6 10. Be3 b5 11. a3 Bb7 12. Qd2 Kh7 13. Rad1 Ne7 14. Bd3 Rc8 15. b4
Nd7 16. Bf4 Nb6 17. Ne2 f6 18. c3 e5 19. Bh2 Qe8 20. Qa2 Rd8 21. Nc1 Bc8 22.
Nb3 Be6 23. d5 Bd7 24. Na5 f5 25. c4 bxc4 26. Nxc4 f4 27. Nfd2 g5 28. Nxb6 cxb6
29. Nc4 Nc8 30. Kf1 b5 31. Na5 f3 32. g4 h5 33. Nb7 hxg4 34. Re3 Qh5 35. Ke1
Rde8 36. Qc2 Rf7 37. Kd2 gxh3 38. Qc7 Qg6 39. Rc1 g4 40. Qa5 Bh6 41. Rce1 Bf4
42. Bg3 Bxg3 43. fxg3 f2 44. Rf1 Ref8 45. Qxa6 Qh6 46. Qa5 Rf3 0-1

[Event "WchT 10th"]
[Site "Tsaghkadzor"]
[Date "2015.04.27"]
[Round "8.1"]
[White "Ponomariov, Ruslan"]
[Black "Shankland, Samuel L"]
[Result "1/2-1/2"]
[WhiteElo "2713"]
[BlackElo "2661"]
[PlyCount "61"]
[EventDate "2015.04.19"]
[EventType "team-tourn"]
[EventRounds "9"]
[EventCountry "ARM"]
[SourceTitle "CBM 166"]
[Source "ChessBase"]
[SourceDate "2015.05.11"]
[SourceVersion "1"]
[SourceVersionDate "2015.05.11"]
[SourceQuality "1"]
[WhiteTeam "Ukraine"]
[BlackTeam "US of America"]
[WhiteTeamCountry "UKR"]
[BlackTeamCountry "USA"]
[TimeControl "40/5400+30:1800+30"]

1. e4 c5 2. Nf3 d6 3. d4 cxd4 4. Nxd4 Nf6 5. Nc3 a6 6. Be2 e5 7. Nb3 Be7 8. O-O
O-O 9. Be3 Be6 10. Qd3 Nc6 11. a3 Na5 12. Nd2 d5 13. exd5 Nxd5 14. Nxd5 Qxd5
15. Qxd5 Bxd5 16. b4 Nc6 17. c4 Be6 18. Nb3 Rfc8 19. Rfc1 e4 20. f4 exf3 21.
Bxf3 Bf6 22. Ra2 b5 23. Rac2 bxc4 24. Nc5 Bf5 25. Rxc4 Bb2 26. Na4 Bxc1 27.
Rxc1 Ne5 28. Bxa8 Rxa8 29. Rc5 Re8 30. Bd4 Bd7 31. Rxe5 1/2-1/2

[Event "WchT 10th"]
[Site "Tsaghkadzor"]
[Date "2015.04.28"]
[Round "9.1"]
[White "Leko, Peter"]
[Black "Ponomariov, Ruslan"]
[Result "1/2-1/2"]
[WhiteElo "2713"]
[BlackElo "2713"]
[PlyCount "40"]
[EventDate "2015.04.19"]
[EventType "team-tourn"]
[EventRounds "9"]
[EventCountry "ARM"]
[SourceTitle "CBM 166"]
[Source "ChessBase"]
[SourceDate "2015.05.11"]
[SourceVersion "1"]
[SourceVersionDate "2015.05.11"]
[SourceQuality "1"]
[WhiteTeam "Hungary"]
[BlackTeam "Ukraine"]
[WhiteTeamCountry "HUN"]
[BlackTeamCountry "UKR"]
[TimeControl "40/5400+30:1800+30"]

1. e4 e5 2. Nf3 Nc6 3. Bb5 Nf6 4. O-O Nxe4 5. Re1 Nd6 6. Nxe5 Be7 7. Bf1 Nf5 8.
Nf3 O-O 9. d4 d5 10. c3 Bd6 11. Bd3 f6 12. Nbd2 Re8 13. Nf1 Rxe1 14. Qxe1 Qe7
15. Bd2 Qf7 16. Qe2 Bd7 17. Re1 Re8 18. Qd1 Rxe1 19. Nxe1 Nce7 20. Nc2 b6
1/2-1/2

[Event "Wch Blitz 9th"]
[Site "Berlin"]
[Date "2015.10.13"]
[Round "7"]
[White "Ponomariov, Ruslan"]
[Black "Munoz Pantoja, Miguel Angel"]
[Result "1/2-1/2"]
[WhiteElo "2710"]
[BlackElo "2441"]
[PlyCount "91"]
[EventDate "2015.10.13"]
[EventType "swiss (blitz)"]
[EventRounds "21"]
[EventCountry "GER"]
[SourceTitle "CBM 168 Extra"]
[Source "ChessBase"]
[SourceDate "2015.10.29"]
[SourceVersion "1"]
[SourceVersionDate "2015.10.29"]
[SourceQuality "1"]

1. e4 d5 2. exd5 Qxd5 3. Nc3 Qa5 4. d4 Nf6 5. Bc4 Nc6 6. Nge2 Bg4 7. f3 Be6 8.
Bxe6 fxe6 9. O-O O-O-O 10. Qe1 e5 11. dxe5 Qxe5 12. Kh1 e6 13. Bf4 Qf5 14. Rd1
Bb4 15. a3 Ba5 16. b4 Bb6 17. Rxd8+ Rxd8 18. Qc1 e5 19. Bg5 Rd7 20. Ng3 Qg6 21.
Nce4 Nd4 22. c4 c6 23. c5 Bc7 24. Be3 Nd5 25. Rd1 Nxe3 26. Qxe3 h6 27. Qd3 Qf7
28. h3 g6 29. Nf1 Nb5 30. Qxd7+ Qxd7 31. Rxd7 Kxd7 32. a4 Nd4 33. Ne3 Ke6 34.
Kg1 a5 35. bxa5 Bxa5 36. Kf2 Bb4 37. Nd6 b6 38. Ne4 b5 39. axb5 cxb5 40. Nd1
Kd5 41. Ne3+ Ke6 42. Nd1 Kd5 43. Ne3+ Ke6 44. Nd1 Kd5 45. Ne3+ Ke6 46. Nd1
1/2-1/2

[Event "CZE-chT 1516"]
[Site "Czech Republic"]
[Date "2016.04.16"]
[Round "10.2"]
[White "Ftacnik, Lubomir"]
[Black "Ponomariov, Ruslan"]
[Result "0-1"]
[WhiteElo "2555"]
[BlackElo "2710"]
[PlyCount "126"]
[EventDate "2015.11.07"]
[EventType "team-tourn"]
[EventRounds "11"]
[EventCountry "CZE"]
[SourceTitle "EXT 2017"]
[Source "ChessBase"]
[SourceDate "2016.10.25"]
[SourceVersion "1"]
[SourceVersionDate "2016.10.25"]
[SourceQuality "1"]
[WhiteTeam "Turnov"]
[BlackTeam "Lysa nad Labem"]
[WhiteTeamCountry "CZE"]
[BlackTeamCountry "CZE"]

1. Nf3 b6 2. g3 Bb7 3. Bg2 g6 4. c4 Bg7 5. Nc3 c5 6. O-O Nc6 7. d3 Nf6 8. Bd2
O-O 9. Ne5 Qc7 10. Nxc6 Bxc6 11. e4 e6 12. Bf4 d6 13. Qd2 a6 14. a4 Rab8 15.
Rfb1 Nh5 16. Be3 f5 17. f3 b5 18. axb5 axb5 19. cxb5 Bxb5 20. d4 f4 21. Bf2
fxg3 22. hxg3 Bxd4 23. Bxd4 cxd4 24. Qxd4 Nxg3 25. Ra7 Qc5 26. Rd1 Rf7 27. Rxf7
Kxf7 28. Kh2 Nh5 29. Qxd6 Qxd6+ 30. Rxd6 Nf4 31. Nxb5 Rxb5 32. Rd2 Kf6 33. Kg3
g5 34. Bf1 Rb4 35. Rc2 h5 36. Bc4 h4+ 37. Kh2 Ke5 38. b3 Kd4 39. Rc1 Ke3 40.
Rg1 Rb8 41. Rxg5 Rd8 42. e5 Rd2+ 43. Kh1 Rb2 44. Rg8 h3 45. Rh8 Kf2 46. Kh2
Kxf3+ 47. Kh1 Kg4 48. Rg8+ Kf5 49. Rh8 Kxe5 50. Rh6 Kf5 51. Bxe6+ Nxe6 52. Rxh3
Kg4 53. Rh8 Kg3 54. Rg8+ Kf3 55. b4 Nf4 56. b5 Rxb5 57. Rf8 Kg3 58. Rg8+ Kf2
59. Rh8 Rf5 60. Kh2 Ne2 61. Kh3 Rf4 62. Rh6 Ng1+ 63. Kh2 Rg4 0-1

[Event "CZE-chT 1516"]
[Site "Czech Republic"]
[Date "2016.04.17"]
[Round "11.1"]
[White "Ponomariov, Ruslan"]
[Black "Wojtaszek, Radoslaw"]
[Result "1/2-1/2"]
[WhiteElo "2710"]
[BlackElo "2748"]
[PlyCount "33"]
[EventDate "2015.11.07"]
[EventType "team-tourn"]
[EventRounds "11"]
[EventCountry "CZE"]
[SourceTitle "EXT 2017"]
[Source "ChessBase"]
[SourceDate "2016.10.25"]
[SourceVersion "1"]
[SourceVersionDate "2016.10.25"]
[SourceQuality "1"]
[WhiteTeam "Lysa nad Labem"]
[BlackTeam "Novoborsky"]
[WhiteTeamCountry "CZE"]
[BlackTeamCountry "CZE"]

1. c4 Nf6 2. g3 e6 3. Bg2 d5 4. Nf3 dxc4 5. Qa4+ Bd7 6. Qxc4 c5 7. Ne5 Qc8 8.
Nc3 Nc6 9. Nxd7 Qxd7 10. Qa4 Rc8 11. O-O Be7 12. a3 Nd5 13. Nxd5 exd5 14. b4
Bf6 15. Rb1 c4 16. e3 O-O 17. b5 1/2-1/2

[Event "China Elite Mind blitz"]
[Site "Huaian"]
[Date "2016.02.29"]
[Round "19"]
[White "Tomashevsky, Evgeny"]
[Black "Ponomariov, Ruslan"]
[Result "1-0"]
[WhiteElo "2728"]
[BlackElo "2712"]
[PlyCount "154"]
[EventDate "2016.02.28"]
[EventType "tourn (blitz)"]
[EventRounds "30"]
[EventCountry "CHN"]
[EventCategory "19"]
[SourceTitle "CBM 171 Extra"]
[Source "ChessBase"]
[SourceDate "2016.04.26"]
[SourceVersion "1"]
[SourceVersionDate "2016.04.26"]
[SourceQuality "1"]

1. e4 c5 2. Nf3 d6 3. Bb5+ Nd7 4. O-O a6 5. Bd3 Ngf6 6. Re1 e5 7. c3 Be7 8. Bf1
O-O 9. d4 b5 10. a4 Rb8 11. axb5 axb5 12. Na3 b4 13. Nc4 bxc3 14. bxc3 cxd4 15.
cxd4 exd4 16. Nxd4 Bb7 17. Nf5 Bxe4 18. Nxe7+ Qxe7 19. Ba3 Qe6 20. Bxd6 Qd5 21.
Bxf8 Nxf8 22. Nd6 Qxd1 23. Raxd1 Bd5 24. Bc4 Bxc4 25. Nxc4 Ne6 26. g3 g6 27.
Ne5 Rb7 28. Rb1 Ra7 29. Rb2 Kg7 30. Reb1 Nd7 31. Nxd7 Rxd7 32. Kg2 h5 33. Rb7
Rd8 34. R1b2 Ng5 35. Ra7 Ne4 36. Rbb7 Rf8 37. Kf3 Nd6 38. Rd7 Nf5 39. h3 Nh6
40. g4 hxg4+ 41. hxg4 g5 42. Kg3 Rb8 43. f3 Rb5 44. Rdb7 Rc5 45. Rc7 Rb5 46.
Rc6 Ng8 47. Rac7 Nf6 48. Rc5 Rxc5 49. Rxc5 Kg6 50. Rc6 Kg7 51. Kf2 Ng8 52. Ke3
Ne7 53. Ra6 Ng6 54. Ke4 Nh4 55. Rb6 f6 56. Rb7+ Kg6 57. Rb8 Kf7 58. Ra8 Ke6 59.
Ra6+ Kf7 60. Ra3 Ke6 61. Kd4 Kd6 62. Ra6+ Ke7 63. Ke4 Kf7 64. Ra3 Ke6 65. Rb3
Kf7 66. Kd5 Kg7 67. Ke6 Kg6 68. Ke7 f5 69. Ke6 f4 70. Ke5 Kg7 71. Rb6 Nxf3+ 72.
Kf5 Nd2 73. Rb2 Nf3 74. Rb7+ Kf8 75. Ra7 Ke8 76. Ra3 Nd2 77. Rd3 Nc4 1-0

[Event "China Elite Mind blitz"]
[Site "Huaian"]
[Date "2016.02.29"]
[Round "20"]
[White "Ponomariov, Ruslan"]
[Black "Wang, Yue"]
[Result "1-0"]
[WhiteElo "2712"]
[BlackElo "2718"]
[Annotator "Schulz,Andre"]
[PlyCount "41"]
[EventDate "2016.02.28"]
[EventType "tourn (blitz)"]
[EventRounds "30"]
[EventCountry "CHN"]
[EventCategory "19"]
[SourceTitle "CBM 171 Extra"]
[Source "ChessBase"]
[SourceDate "2016.04.26"]
[SourceVersion "1"]
[SourceVersionDate "2016.04.26"]
[SourceQuality "1"]

1. e4 e5 2. Nc3 Nf6 3. f4 d5 4. exd5 exf4 5. Bc4 c6 6. d4 Nxd5 7. Bxd5 cxd5 8.
Bxf4 Nc6 9. Nf3 Bb4 10. O-O Bxc3 11. bxc3 O-O 12. Qd3 h6 13. Rae1 Be6 $2 {
[#] Erlaubt...} (13... Re8 $11) 14. Bxh6 gxh6 $2 ({Spielbar war nur} 14... Qf6
15. Bg5 Qf5 16. Qe2 $16) 15. Rxe6 fxe6 16. Qg6+ Kh8 17. Qxh6+ Kg8 18. Qg6+ Kh8
19. Ng5 {Die Pointe.} Rxf1+ 20. Kxf1 Qf8+ 21. Nf7+ 1-0

[Event "China Elite Mind Basque"]
[Site "Huaian"]
[Date "2016.03.02"]
[Round "1.1"]
[White "Ponomariov, Ruslan"]
[Black "Li, Chao B"]
[Result "1/2-1/2"]
[WhiteElo "2712"]
[BlackElo "2751"]
[PlyCount "84"]
[EventDate "2016.03.02"]
[EventType "swiss (rapid)"]
[EventRounds "5"]
[EventCountry "CHN"]
[SourceTitle "CBM 171 Extra"]
[Source "ChessBase"]
[SourceDate "2016.04.26"]
[SourceVersion "1"]
[SourceVersionDate "2016.04.26"]
[SourceQuality "1"]

1. e4 c5 2. Nf3 Nc6 3. Bb5 g6 4. Bxc6 bxc6 5. O-O Bg7 6. c3 Nf6 7. Re1 O-O 8.
h3 Rb8 9. d4 cxd4 10. cxd4 d5 11. e5 Ne4 12. Qa4 Qb6 13. Nc3 Bf5 14. Qa3 Qb4
15. Qxb4 Rxb4 16. Ne2 f6 17. exf6 Bxf6 18. b3 c5 19. Be3 c4 20. Rec1 a5 21. Ne5
Nc5 22. Nc6 cxb3 23. Nxb4 axb4 24. Rxc5 b2 25. Re1 b1=Q 26. Rxb1 Bxb1 27. Nc1
Ra8 28. Rxd5 e6 29. Rd7 Bxa2 30. Rb7 e5 31. Rxb4 Bf7 32. dxe5 Bxe5 33. Rb1 Bc4
34. g3 h5 35. Nb3 Ra3 36. Nd2 Be6 37. Nf3 Bxg3 38. fxg3 Rxe3 39. Kf2 Ra3 40.
Ng5 Bf5 41. Rb7 Rd3 42. Re7 Rd7 1/2-1/2

[Event "China Elite Mind Basque"]
[Site "Huaian"]
[Date "2016.03.02"]
[Round "1.2"]
[White "Li, Chao B"]
[Black "Ponomariov, Ruslan"]
[Result "0-1"]
[WhiteElo "2751"]
[BlackElo "2712"]
[PlyCount "94"]
[EventDate "2016.03.02"]
[EventType "swiss (rapid)"]
[EventRounds "5"]
[EventCountry "CHN"]
[SourceTitle "CBM 171 Extra"]
[Source "ChessBase"]
[SourceDate "2016.04.26"]
[SourceVersion "1"]
[SourceVersionDate "2016.04.26"]
[SourceQuality "1"]

1. Nf3 d5 2. g3 g6 3. Bg2 Bg7 4. d4 c6 5. O-O Nf6 6. b3 O-O 7. Nbd2 Ne4 8. Bb2
Bf5 9. c4 Nxd2 10. Qxd2 Be4 11. Rfd1 Nd7 12. Rac1 a5 13. Bh3 Bxf3 14. exf3 e6
15. a4 Qb6 16. Qc2 Rfd8 17. c5 Qc7 18. f4 b6 19. cxb6 Qxb6 20. Qxc6 Qxb3 21.
Ba1 Rab8 22. Bf1 Nb6 23. Bb5 Rdc8 24. Qd6 Bf8 25. Qe5 Nxa4 26. Bd7 Rd8 27. Bxe6
fxe6 28. Qxe6+ Kh8 29. Re1 Qb7 30. f5 gxf5 31. Qxf5 Bg7 32. Re6 Rf8 33. Qg5 Qf7
34. Re2 Nb6 35. Bc3 Nc4 36. Be1 a4 37. Re7 Qf6 38. Rxg7 Qxg7 39. Qxd5 Qf7 40.
Qg5 Rbe8 41. f4 Qf5 42. Bb4 Qxg5 43. fxg5 Ne3 44. d5 Nxd5 45. Bxf8 Rxf8 46. Rc5
Ne3 47. h4 Ra8 0-1

[Event "China Elite Mind Basque"]
[Site "Huaian"]
[Date "2016.03.02"]
[Round "2.1"]
[White "Ponomariov, Ruslan"]
[Black "Tomashevsky, Evgeny"]
[Result "0-1"]
[WhiteElo "2712"]
[BlackElo "2728"]
[PlyCount "58"]
[EventDate "2016.03.02"]
[EventType "swiss (rapid)"]
[EventRounds "5"]
[EventCountry "CHN"]
[SourceTitle "CBM 171 Extra"]
[Source "ChessBase"]
[SourceDate "2016.04.26"]
[SourceVersion "1"]
[SourceVersionDate "2016.04.26"]
[SourceQuality "1"]

1. e4 e5 2. Nf3 Nc6 3. Nc3 Nf6 4. g3 d5 5. exd5 Nxd5 6. Bg2 Nxc3 7. bxc3 Bc5 8.
O-O O-O 9. d3 Bg4 10. h3 Bh5 11. g4 Bg6 12. Ng5 Be7 13. Ne4 f5 14. gxf5 Bxf5
15. Rb1 Rb8 16. Be3 Qd7 17. Kh2 b6 18. c4 Nd4 19. Ng3 Bg6 20. Bd5+ Kh8 21. Bxd4
exd4 22. Qg4 Qa4 23. Rbe1 Bd6 24. Re6 Bf5 25. Qxd4 Bxe6 26. Bxe6 Qxc2 27. Qe3
Rbe8 28. d4 Bxg3+ 29. Kxg3 Qg6+ 0-1

[Event "China Elite Mind Basque"]
[Site "Huaian"]
[Date "2016.03.02"]
[Round "2.2"]
[White "Tomashevsky, Evgeny"]
[Black "Ponomariov, Ruslan"]
[Result "1-0"]
[WhiteElo "2728"]
[BlackElo "2712"]
[PlyCount "135"]
[EventDate "2016.03.02"]
[EventType "swiss (rapid)"]
[EventRounds "5"]
[EventCountry "CHN"]
[SourceTitle "CBM 171 Extra"]
[Source "ChessBase"]
[SourceDate "2016.04.26"]
[SourceVersion "1"]
[SourceVersionDate "2016.04.26"]
[SourceQuality "1"]

1. e4 e5 2. Nf3 Nc6 3. Bb5 Nf6 4. d3 Bc5 5. O-O Nd4 6. Nxd4 Bxd4 7. Nd2 a6 8.
Ba4 b5 9. Bb3 d6 10. Nf3 Bb6 11. h3 O-O 12. c3 Re8 13. Re1 h6 14. Be3 c5 15. a4
Rb8 16. axb5 axb5 17. Qe2 Be6 18. Bxe6 Rxe6 19. b3 d5 20. c4 bxc4 21. bxc4 dxe4
22. dxe4 Qc7 23. Qc2 Ba5 24. Red1 Bb4 25. Nh4 Kh7 26. Nf5 Ng8 27. Rd3 g6 28.
Rad1 Qc6 29. Rd6 Qe8 30. Rxe6 Qxe6 31. Rd6 Qe8 32. Ng3 Rd8 33. Qd3 Rxd6 34.
Qxd6 Qe7 35. Qc6 Kg7 36. Kh2 h5 37. Ne2 Nf6 38. Nc1 Qe6 39. Qxe6 fxe6 40. f3
Nd7 41. Nd3 Kf6 42. g4 h4 43. Kg2 Ba3 44. Kf2 g5 45. Ke2 Nb6 46. Nxc5 Nxc4 47.
Nb3 Bb4 48. Ba7 Ke7 49. Kd3 Nb2+ 50. Ke2 Nc4 51. Be3 Kf6 52. Bc1 Na5 53. Nxa5
Bxa5 54. Kd3 Be1 55. Kc4 Bf2 56. Kb5 Be1 57. Kc6 Bb4 58. Kd7 Bc5 59. Ke8 Bb4
60. Be3 Ba3 61. Bb6 Bb4 62. Bd8+ Kg6 63. Kd7 Kf7 64. Bxg5 Be1 65. Be7 Bg3 66.
g5 Bf4 67. g6+ Kxg6 68. Kxe6 1-0

[Event "China Elite Mind Basque"]
[Site "Huaian"]
[Date "2016.03.02"]
[Round "3.11"]
[White "Wang, Hao"]
[Black "Ponomariov, Ruslan"]
[Result "0-1"]
[WhiteElo "2717"]
[BlackElo "2712"]
[PlyCount "126"]
[EventDate "2016.03.02"]
[EventType "swiss (rapid)"]
[EventRounds "5"]
[EventCountry "CHN"]
[SourceTitle "CBM 171 Extra"]
[Source "ChessBase"]
[SourceDate "2016.04.26"]
[SourceVersion "1"]
[SourceVersionDate "2016.04.26"]
[SourceQuality "1"]

1. c4 c5 2. Nf3 Nc6 3. Nc3 Nf6 4. e3 e6 5. d4 d5 6. a3 a6 7. dxc5 Bxc5 8. b4
Bd6 9. cxd5 exd5 10. Bb2 O-O 11. Be2 Re8 12. O-O Bg4 13. h3 Be6 14. Rc1 h6 15.
Nd4 Ne5 16. Qb3 Qe7 17. Nxe6 fxe6 18. f4 Nf7 19. Bf3 Rad8 20. Ne2 e5 21. Rcd1
Bb8 22. Nc3 e4 23. Bg4 Ba7 24. Ne2 Nxg4 25. hxg4 Qh4 26. Bd4 Qxg4 27. Bxa7 Qxe2
28. Rxd5 Rxd5 29. Qxd5 Qb5 30. Rd1 Rd8 31. Qb3 Rd3 32. Qc2 Qc6 33. Qe2 b6 34.
Rxd3 exd3 35. Qxd3 Qb7 36. Bxb6 Qxb6 37. Kf2 Nd6 38. Qd5+ Kf8 39. Kf3 Ne8 40.
e4 Nf6 41. Qa8+ Ke7 42. e5 Nd7 43. Qd5 Qg6 44. a4 h5 45. a5 Qg4+ 46. Ke3 Qg3+
47. Ke2 Qxf4 48. Qd6+ Kd8 49. Qxa6 Qxe5+ 50. Kd3 Qd5+ 51. Kc3 Qxg2 52. Qc4 Qg3+
53. Kb2 Qg4 54. Qg8+ Kc7 55. Kb3 h4 56. a6 Qd1+ 57. Kc3 Qf3+ 58. Kc2 Qe2+ 59.
Kb3 Qxa6 60. Qxg7 Qd3+ 61. Kb2 h3 62. Qh6 Qe2+ 63. Kc3 h2 0-1

[Event "China Elite Mind Basque"]
[Site "Huaian"]
[Date "2016.03.02"]
[Round "3.12"]
[White "Ponomariov, Ruslan"]
[Black "Wang, Hao"]
[Result "1/2-1/2"]
[WhiteElo "2712"]
[BlackElo "2717"]
[PlyCount "124"]
[EventDate "2016.03.02"]
[EventType "swiss (rapid)"]
[EventRounds "5"]
[EventCountry "CHN"]
[SourceTitle "CBM 171 Extra"]
[Source "ChessBase"]
[SourceDate "2016.04.26"]
[SourceVersion "1"]
[SourceVersionDate "2016.04.26"]
[SourceQuality "1"]

1. e4 c6 2. d4 d5 3. exd5 cxd5 4. c4 Nf6 5. Nc3 e6 6. Nf3 Bb4 7. cxd5 Nxd5 8.
Bd2 Nc6 9. Bd3 Be7 10. O-O O-O 11. a3 Nf6 12. Be3 b6 13. Qe2 Bb7 14. Rad1 Rc8
15. Rfe1 Na5 16. Bg5 Nd5 17. Qe4 Nf6 18. Qh4 g6 19. Ne5 Nc6 20. Bb1 Nd5 21. Ne4
f6 22. Nxc6 Bxc6 23. Bh6 Re8 24. Qg3 Qc7 25. Qb3 Qd7 26. Qh3 f5 27. Nd2 Ba4 28.
Rc1 Rxc1 29. Rxc1 Rc8 30. Re1 Bf6 31. Nf3 Qb5 32. Bc1 Rxc1 33. Rxc1 Nf4 34. Qh6
Ne2+ 35. Kh1 Nxc1 36. Qxc1 Qd7 37. Ba2 Kg7 38. Qe3 Bc6 39. Ne5 Qd6 40. h3 Bb7
41. Kg1 g5 42. Bb3 b5 43. Qc3 a6 44. Qe3 h6 45. Qc3 f4 46. Bc2 Kf8 47. b4 Ke7
48. Ng6+ Kd8 49. Ne5 Qc7 50. Qd3 Bxe5 51. dxe5+ Kc8 52. Qg6 Qxe5 53. f3 Qe1+
54. Kh2 Bxf3 55. Qe8+ Kc7 56. Qe7+ Kc6 57. Qe8+ Kd6 58. Qd8+ Ke5 59. Qh8+ Kd6
60. Qd8+ Ke5 61. Qh8+ Kd6 62. Qd8+ Ke5 1/2-1/2

[Event "China Elite Mind Basque"]
[Site "Huaian"]
[Date "2016.03.03"]
[Round "4.9"]
[White "Ponomariov, Ruslan"]
[Black "Dominguez Perez, Leinier"]
[Result "1-0"]
[WhiteElo "2712"]
[BlackElo "2732"]
[PlyCount "85"]
[EventDate "2016.03.02"]
[EventType "swiss (rapid)"]
[EventRounds "5"]
[EventCountry "CHN"]
[SourceTitle "CBM 171 Extra"]
[Source "ChessBase"]
[SourceDate "2016.04.26"]
[SourceVersion "1"]
[SourceVersionDate "2016.04.26"]
[SourceQuality "1"]

1. d4 Nf6 2. c4 e6 3. Nf3 Bb4+ 4. Bd2 Bxd2+ 5. Qxd2 d5 6. Nc3 O-O 7. e3 Qe7 8.
Rc1 a6 9. b3 Nbd7 10. Be2 b6 11. cxd5 exd5 12. O-O Bb7 13. Qb2 c5 14. Rfd1 Rfd8
15. Qa3 Rac8 16. Bd3 g6 17. h3 Kf8 18. Qb2 Kg8 19. Rc2 c4 20. Be2 b5 21. bxc4
dxc4 22. Rb1 Ne4 23. a4 Nxc3 24. Rxc3 Be4 25. Ra1 Bxf3 26. gxf3 Qg5+ 27. Kh2
Nb6 28. axb5 axb5 29. Rcc1 Ra8 30. f4 Qd5 31. Qb4 Rxa1 32. Rxa1 Ra8 33. Rxa8+
Nxa8 34. Kg3 Nc7 35. Qe7 Ne6 36. Qe8+ Kg7 37. Bf3 Qf5 38. d5 Nc5 39. Qxb5 Ne4+
40. Bxe4 Qxe4 41. d6 Qd3 42. d7 f6 43. Qb7 1-0

[Event "China Elite Mind Basque"]
[Site "Huaian"]
[Date "2016.03.03"]
[Round "4.10"]
[White "Dominguez Perez, Leinier"]
[Black "Ponomariov, Ruslan"]
[Result "0-1"]
[WhiteElo "2732"]
[BlackElo "2712"]
[PlyCount "81"]
[EventDate "2016.03.02"]
[EventType "swiss (rapid)"]
[EventRounds "5"]
[EventCountry "CHN"]
[SourceTitle "CBM 171 Extra"]
[Source "ChessBase"]
[SourceDate "2016.04.26"]
[SourceVersion "1"]
[SourceVersionDate "2016.04.26"]
[SourceQuality "1"]

1. d4 d5 2. c4 dxc4 3. Nf3 a6 4. e3 b5 5. a4 Bb7 6. b3 e6 7. bxc4 bxc4 8. Bxc4
Nf6 9. Nbd2 Nbd7 10. Qb3 Rb8 11. Qd3 Nd5 12. Bxd5 exd5 13. Ba3 c5 14. dxc5 Bxc5
15. Qc3 Qf6 16. Qxf6 gxf6 17. O-O Ke7 18. Nd4 Rhc8 19. a5 Ba8 20. h3 Bxa3 21.
Rxa3 Rb2 22. N2f3 Ne5 23. Nf5+ Kd7 24. N3d4 Nc4 25. Raa1 Rc5 26. g4 Nxa5 27.
Ng3 Bb7 28. Nh5 Nb3 29. Rab1 Rxb1 30. Rxb1 Rc1+ 31. Rxc1 Nxc1 32. Nxf6+ Ke7 33.
Nxh7 a5 34. Ng5 a4 35. Nc2 Ba6 36. Nf3 Ne2+ 37. Kg2 Nc3 38. Nfd4 Nb1 39. Nb4
Bc4 40. Kg3 a3 41. Ndc2 0-1

[Event "China Elite Mind Basque"]
[Site "Huaian"]
[Date "2016.03.03"]
[Round "5.2"]
[White "Ponomariov, Ruslan"]
[Black "Ding, Liren"]
[Result "1/2-1/2"]
[WhiteElo "2712"]
[BlackElo "2766"]
[PlyCount "76"]
[EventDate "2016.03.02"]
[EventType "swiss (rapid)"]
[EventRounds "5"]
[EventCountry "CHN"]
[SourceTitle "CBM 171 Extra"]
[Source "ChessBase"]
[SourceDate "2016.04.26"]
[SourceVersion "1"]
[SourceVersionDate "2016.04.26"]
[SourceQuality "1"]

1. e4 e5 2. Nf3 Nc6 3. Bc4 Bc5 4. O-O d6 5. d3 Nf6 6. c3 O-O 7. h3 h6 8. Re1
Re8 9. a4 a6 10. Na3 Bxa3 11. Rxa3 Be6 12. Bxe6 Rxe6 13. b4 d5 14. b5 Ne7 15.
Qb3 axb5 16. axb5 Rxa3 17. Bxa3 Ng6 18. g3 Re8 19. exd5 Nxd5 20. c4 Nf6 21. Kg2
Qd7 22. Bb2 Qf5 23. Qc3 e4 24. dxe4 Rxe4 25. Qd3 Qe6 26. Qd8+ Ne8 27. Nd4 Qd6
28. Qxd6 Nxd6 29. Rc1 Ne5 30. c5 Ndc4 31. Ba1 Na3 32. Rd1 Nec4 33. Nf5 Nxb5 34.
Bxg7 Kh7 35. Bxh6 Re5 36. Ne3 Kxh6 37. Nxc4 Rxc5 38. Ne3 Nd6 1/2-1/2